Animals in Taming.Io #1 - Statistics

General Stats
  • This quiz has been taken 7 times
  • The average score is 10 of 16
Answer Stats
Picture Answer % Correct
Bat
100%
Bull
100%
Turkey
100%
Black cat
60%
Easter Bunny
60%
Floodog
60%
Giant Bee
60%
Inferno Gaze
60%
Lynx
60%
Normal Fairy
60%
Plant Mask
60%
Polar Bear
60%
Caracal
40%
Pudgy Shadow
40%
Rabbid
40%
Cratodon
20%
No matching quizzes found
Score Distribution
Percent of People with Each Score
Percentile by Number Answered
Your Score History
You have not taken this quiz